000 00610nam a2200241 a 4500
001 0001-0778
003 ELIB.Books
008 140825 2010 eng
020 _a0896932540
035 _a(ELIB.Books)0001-0932
092 _a225.922
_bBri
100 _aBriscoe, Jill
245 _aWomen in the Life of Jesus
260 _aWheaton
_bVictor Books
_c1986
300 _a95
_c23 Cm
500 _aDr. Yahalaylayla
650 _aNew Testament/ Biography
856 _nKBTS; Library
_uKBTS; Elib.
942 _2ddc
_cBK
990 _a1
998 _cbat
_e2014-08-25
999 _c10778
_d10778